[Event "MCR senioru 2014-nad 60 let"]
[Site "?"]
[Date "2014.08.19"]
[Round "4.12"]
[White "Milian, Milan"]
[Black "Sibl, Vaclav"]
[Result "1/2-1/2"]
[WhiteElo "1861"]
[BlackElo "1965"]
[PlyCount "55"]
[EventDate "2014.??.??"]

1. e4 e6 2. d4 d5 3. exd5 exd5 4. Bd3 Bd6 5. Nf3 Nf6 6. O-O O-O 7. Re1 Re8 8.
Bg5 Rxe1+ 9. Qxe1 Be6 10. Nbd2 h6 11. Bh4 Nbd7 12. Qe2 Bf4 13. Re1 Bg4 14. Qe7
Qxe7 15. Rxe7 Kf8 16. Re1 g5 17. Bg3 Bxg3 18. hxg3 Re8 19. Rxe8+ Kxe8 20. Kf1
Ke7 21. Ke2 Ke6 22. Ke3 Bf5 23. Ne1 Bxd3 24. Nxd3 Ng4+ 25. Ke2 f5 26. Nf1 c6
27. Ne3 Ngf6 28. f3 1/2-1/2

[Event "MCR senioru 2014 - nad 60 let"]
[Site "?"]
[Date "2014.08.19"]
[Round "4.13"]
[White "Bukacek, Lubomir"]
[Black "Koci, Ladislav"]
[Result "0-1"]
[WhiteElo "1707"]
[BlackElo "1915"]
[Annotator "D"]
[PlyCount "58"]
[SourceDate "2014.08.18"]

1. d4 Nf6 2. Bg5 g6 3. Nf3 Bg7 4. c3 O-O 5. Nbd2 d6 6. e3 Nbd7 7. Be2 h6 8. Bf4
Nh5 9. O-O e6 10. Ne1 Nxf4 11. exf4 e5 12. fxe5 dxe5 13. dxe5 Nxe5 14. Ndf3 Bg4
15. h3 Bf5 16. Nd4 Be4 17. Nef3 Qe7 18. Nxe5 Qxe5 19. Nf3 Qe7 20. Re1 Rad8 21.
Qc1 Rfe8 22. Nd2 Bxg2 23. Kxg2 Qg5+ 24. Kh1 Rxd2 25. Bg4 Rxe1+ 26. Qxe1 Qf4 27.
Kg2 Be5 28. Qg1 h5 29. Bf3 Qg3+ 0-1

[Event "MCR senioru 2014 - nad 60 let"]
[Site "?"]
[Date "2014.08.19"]
[Round "4.14"]
[White "Janecek, Frantisek"]
[Black "Jirasek, Jiri"]
[Result "0-1"]
[WhiteElo "1699"]
[BlackElo "1898"]
[Annotator "D"]
[PlyCount "66"]
[SourceDate "2014.08.18"]

1. c4 Nf6 2. Nc3 e5 3. Nf3 Nc6 4. g3 h6 5. d3 Bc5 6. e3 a6 7. Bg2 O-O 8. O-O d6
9. a3 Re8 10. b4 Ba7 11. Bb2 Be6 12. Rc1 Qe7 13. Nd2 Bf5 14. Nde4 Nxe4 15. Nxe4
Rad8 16. Nc3 Qg5 17. Nd5 Rd7 18. Qd2 Nd8 19. c5 dxc5 20. bxc5 c6 21. f4 exf4
22. Nxf4 Ne6 23. Nxe6 Rxe6 24. h4 Qg6 25. Bd4 Bb8 26. e4 Qxg3 27. Rf3 Qxh4 28.
exf5 Qxd4+ 29. Qf2 Qxf2+ 30. Kxf2 Re5 31. Rb1 Rxc5 32. Re3 Rxf5+ 33. Ke2 Re5
0-1

[Event "MCR senioru 2014-nad 60 let"]
[Site "?"]
[Date "2014.08.19"]
[Round "4.15"]
[White "Laska, Zdenek"]
[Black "Trojan, Lubos"]
[Result "0-1"]
[WhiteElo "1823"]
[BlackElo "2032"]
[PlyCount "148"]

1. d4 Nf6 2. c4 e6 3. Nf3 b6 4. g3 Bb7 5. Bg2 Be7 6. O-O O-O 7. Nc3 d5 8. cxd5
exd5 9. Ne5 Nbd7 10. Qb3 c6 11. Nxd7 Qxd7 12. Bg5 h6 13. Bf4 Rad8 14. Qa4 a5
15. a3 Ra8 16. Rfd1 Qf5 17. Qb3 b5 18. Rdc1 g5 19. Be3 Nd7 20. Qc2 Qxc2 21.
Rxc2 Nb6 22. Rb1 a4 23. Bc1 f5 24. e3 Bd6 25. Ne2 Nc4 26. Bf1 Bc8 27. f4 Ra7
28. Nc3 Re8 29. Bxc4 dxc4 30. Bd2 Rae7 31. Kf2 Bd7 32. Re1 Kf7 33. Rcc1 Kg6 34.
Ne2 Bc7 35. Ng1 g4 36. Ne2 h5 37. Nc3 Bb6 38. Nb1 Be6 39. Nc3 Bf7 40. Kg2 Rd7
41. Rcd1 Red8 42. Bc1 Bd5+ 43. Nxd5 cxd5 44. Bd2 Re8 45. Kf2 Bc7 46. Bc3 Bd6
47. Ra1 Ra8 48. Ra2 Rb7 49. Rea1 Kf7 50. Bb4 Bxb4 51. axb4 Rc7 52. Rc1 Rac8 53.
Ra3 Rc6 54. Rac3 Ke7 55. Ra1 Kd7 56. Kg2 Kc7 57. Kf2 Kb7 58. Kg2 Ra8 59. Raa3
h4 60. Ra1 Rh6 61. Rg1 Rah8 62. gxh4 Rxh4 63. Rh1 Rh3 64. Ra3 g3 65. e4 dxe4
66. Rxg3 Rxg3+ 67. Kxg3 Kc6 68. h3 Rg8+ 69. Kf2 Kd5 70. Rd1 Rh8 71. Kg3 e3 72.
h4 Ke4 73. d5 Rg8+ 74. Kh2 e2 0-1

[Event "MCR senioru 2014 - nad 60 let"]
[Site "?"]
[Date "2014.08.19"]
[Round "4.16"]
[White "Pavlis, Jaromir"]
[Black "Bainhofer, Jiri"]
[Result "1-0"]
[WhiteElo "1948"]
[BlackElo "1806"]
[Annotator "D"]
[PlyCount "95"]
[SourceDate "2014.08.18"]

1. d4 g6 2. g3 Bg7 3. c3 Nf6 4. Bg2 d5 5. Nf3 O-O 6. O-O c6 7. Nbd2 Nbd7 8. Re1
Re8 9. e4 dxe4 10. Nxe4 Nxe4 11. Rxe4 Nf6 12. Re1 h6 13. Bf4 g5 14. Be5 Bf5 15.
Qb3 Qb6 16. Nd2 Qxb3 17. Nxb3 Nd7 18. Bxg7 Kxg7 19. Na5 Rab8 20. Nc4 Bd3 21.
Ne5 Nxe5 22. Rxe5 e6 23. Re3 Bf5 24. Rae1 g4 25. Be4 Bg6 26. Bxg6 Kxg6 27. Kg2
Rbd8 28. f3 gxf3+ 29. Kxf3 Rd5 30. Re5 Red8 31. R1e4 Rxe5 32. Rxe5 Rd5 33. Kf4
Kf6 34. g4 Rxe5 35. dxe5+ Kg6 36. h4 Kg7 37. c4 c5 38. b3 a6 39. a3 a5 40. a4
b6 41. Kf3 Kg6 42. Ke3 Kh7 43. Kf3 Kg7 44. Kf4 Kg6 45. h5+ Kg7 46. g5 Kh7 47.
gxh6 Kxh6 48. Kg4 1-0

[Event "MCR senioru 2014 - nad 60 let"]
[Site "?"]
[Date "2014.08.19"]
[Round "4.17"]
[White "Portych, Vaclav"]
[Black "Rucka, Alois"]
[Result "1-0"]
[WhiteElo "1823"]
[BlackElo "1936"]
[Annotator "D"]
[PlyCount "77"]
[SourceDate "2014.08.18"]

1. c4 e5 2. Nc3 d6 3. g3 f5 4. e3 Nf6 5. Bg2 Be7 6. Nge2 c6 7. d4 e4 8. O-O O-O
9. b4 d5 10. c5 a5 11. b5 cxb5 12. Nxb5 b6 13. cxb6 Qxb6 14. a4 Nc6 15. Nf4 g5
16. Ne2 Ba6 17. Nbc3 Nb4 18. Ba3 Rab8 19. Qd2 Rfc8 20. Rfd1 Kf7 21. Bf1 Qc7 22.
Na2 Nc2 23. Bxe7 Kxe7 24. Rab1 Bd3 25. Rxb8 Rxb8 26. Nec3 Nb4 27. Nb5 Qc2 28.
Nxb4 Qxd2 29. Nc6+ Kf8 30. Rxd2 Rb6 31. Ne5 Rb8 32. Nxd3 exd3 33. Bxd3 f4 34.
exf4 gxf4 35. f3 Re8 36. Kf2 h5 37. Rc2 Re7 38. Rc8+ Kg7 39. Rc7 1-0

[Event "MCR senioru 2014 - nad 60 let"]
[Site "?"]
[Date "2014.08.19"]
[Round "4.18"]
[White "Kocour, Zdenek"]
[Black "Innemann, Frantisek"]
[Result "0-1"]
[WhiteElo "1821"]
[BlackElo "1906"]
[Annotator "D"]
[PlyCount "126"]
[SourceDate "2014.08.18"]

1. c4 e5 2. Nc3 Nf6 3. g3 Be7 4. Bg2 c6 5. Qc2 Na6 6. Nf3 d6 7. a3 Be6 8. b3 h6
9. O-O Qd7 10. Re1 O-O 11. d4 exd4 12. Nxd4 Bh3 13. Bh1 Nc5 14. Bb2 Ne6 15. Nf5
Rfe8 16. Nxe7+ Qxe7 17. Ne4 Nxe4 18. Bxe4 Ng5 19. Qc3 f6 20. Bg6 Nf7 21. Rad1
Red8 22. Bb1 Ng5 23. Rd4 Re8 24. Rh4 Be6 25. Qd3 d5 26. c5 Bf7 27. Bc1 Ne4 28.
b4 g5 29. Rxh6 Kg7 30. Rh3 Be6 31. g4 Bxg4 32. Rg3 Bf5 33. Rf3 Qd7 34. Rxf5
Qxf5 35. f3 Qe5 36. fxe4 dxe4 37. Qg3 Qxg3+ 38. hxg3 Kg6 39. Rd1 Kh5 40. Kf2 f5
41. Bc2 Kg4 42. e3 Rh8 43. Rg1 Rh2+ 44. Rg2 Rh1 45. Bb2 a5 46. a4 axb4 47. Ke2
b3 48. Bd1 Rd8 49. Bxb3 Rb1 50. Bf6 Rf8 51. Bg7 Rd8 52. Bf6 Rd7 53. Bc2 Rh1 54.
Bd4 Rdh7 55. Be5 Rc1 56. Kd2 Rhh1 57. Bb2 Rcf1 58. Be5 Kf3 59. Re2 Rc1 60. Bd6
Rxc2+ 61. Kxc2 Kxe2 62. Be7 Kxe3 63. Bxg5+ Kf3 0-1

[Event "MCR senioru 2014-nad 60 let"]
[Site "?"]
[Date "2014.08.19"]
[Round "4.19"]
[White "Stankev, Martin"]
[Black "Lexa, Vaclav"]
[Result "0-1"]
[WhiteElo "1804"]
[BlackElo "1900"]
[PlyCount "46"]
[EventDate "2014.??.??"]

1. e4 c5 2. Nf3 d6 3. d4 cxd4 4. Nxd4 Nf6 5. Nc3 a6 6. Be2 e5 7. Nb3 Be6 8. g4
Be7 9. g5 Nfd7 10. h4 b5 11. Be3 Nb6 12. Bxb6 Qxb6 13. Nd5 Bxd5 14. Qxd5 Nc6
15. Qd2 a5 16. a4 bxa4 17. Rxa4 O-O 18. O-O Rfb8 19. Bc4 Nb4 20. Rfa1 Rc8 21.
Bd5 Rxc2 22. Qe1 Nxd5 23. exd5 Qxb3 0-1

[Event "MCR senioru 2014 - nad 60 let"]
[Site "?"]
[Date "2014.08.19"]
[Round "4.20"]
[White "Tsapanidis, Vasilis"]
[Black "Klimes, Jiri"]
[Result "1/2-1/2"]
[WhiteElo "1780"]
[BlackElo "1889"]
[PlyCount "103"]

1. e4 e5 2. Nf3 Nc6 3. Bb5 Nf6 4. O-O Nxe4 5. Bxc6 dxc6 6. Nxe5 Be7 7. d3 Nf6
8. Re1 O-O 9. Nc3 Re8 10. h3 Bd6 11. Nf3 h6 12. Bd2 Bf5 13. Rxe8+ Qxe8 14. Qf1
Qd7 15. Re1 c5 16. Ne4 Nxe4 17. dxe4 Bh7 18. Bc1 Qa4 19. c3 Rd8 20. e5 Be7 21.
Qe2 Qxa2 22. Nh2 Qd5 23. Qg4 Qe6 24. Qa4 a6 25. Nf3 b5 26. Qf4 Qf5 27. Qg3 Qg6
28. Qf4 b4 29. e6 Bd6 30. Qc4 fxe6 31. Qxa6 Qd3 32. Qxd3 Bxd3 33. Rxe6 Kf7 34.
Re1 Kf6 35. Nd2 Ra8 36. Ne4+ Bxe4 37. Rxe4 Ra1 38. Re1 Bf4 39. Bd2 Rxe1+ 40.
Bxe1 b3 41. c4 Be5 42. Kf1 Bxb2 43. Ke2 Ke5 44. Kd3 Bd4 45. g3 h5 46. f3 g5 47.
Bd2 Kf5 48. g4+ hxg4 49. hxg4+ Kf6 50. Ba5 c6 51. Bd8+ Kg6 52. Be7 1/2-1/2

[Event "MCR senioru 2014 - nad 60 let"]
[Site "?"]
[Date "2014.08.19"]
[Round "4.21"]
[White "Majerik, Vladimir"]
[Black "Vlachopulos, Elefteris"]
[Result "1/2-1/2"]
[WhiteElo "1885"]
[BlackElo "1776"]
[Annotator "D"]
[PlyCount "77"]
[SourceDate "2014.08.18"]

1. d4 d5 2. Nf3 e6 3. c3 c5 4. Bg5 Qb6 5. Qb3 Nc6 6. e3 c4 7. Qc2 Be7 8. Nbd2
h6 9. Bf4 Nf6 10. Be2 O-O 11. Ne5 Nxe5 12. Bxe5 Bd7 13. O-O Bc6 14. Bg3 a5 15.
Bh4 Qd8 16. a3 Qe8 17. f3 b5 18. Rae1 Nh7 19. Bxe7 Qxe7 20. f4 f5 21. Nf3 Be8
22. Ne5 Kh8 23. Rf3 Nf6 24. Rh3 Ne4 25. Qd1 Nf6 26. Rf1 Kh7 27. Qe1 Ne4 28. Nf3
Rg8 29. Kh1 g5 30. fxg5 Nxg5 31. Qh4 Qg7 32. Rg3 Qf6 33. Nxg5+ Rxg5 34. Rxg5
Qxg5 35. Qxg5 hxg5 36. g4 Bg6 37. Kg2 Rf8 38. Kg3 Kg7 39. h3 1/2-1/2

[Event "MCR senioru 2014 - nad 60 let"]
[Site "?"]
[Date "2014.08.19"]
[Round "4.22"]
[White "Palla, Stanislav"]
[Black "Kindl, František"]
[Result "1/2-1/2"]
[WhiteElo "1769"]
[BlackElo "1857"]
[Annotator "D"]
[PlyCount "32"]
[SourceDate "2014.08.18"]

1. e4 c5 2. c3 g6 3. d4 cxd4 4. cxd4 Bg7 5. Nf3 Nf6 6. e5 Nd5 7. Nc3 Nxc3 8.
bxc3 O-O 9. g3 d6 10. exd6 Qxd6 11. Bg2 Qa6 12. Qe2 Qxe2+ 13. Kxe2 Nc6 14. Re1
e5 15. dxe5 Nxe5 16. Nxe5 Bxe5 1/2-1/2

[Event "MCR senioru 2014-nad 60 let"]
[Site "Hewlett-Packard"]
[Date "2014.08.19"]
[Round "4.23"]
[White "Glockner, Jaromir"]
[Black "Palla, Rostislav"]
[Result "1-0"]
[WhiteElo "1848"]
[BlackElo "1724"]
[PlyCount "101"]

1. e4 c5 2. Bc4 e6 3. Qe2 Be7 4. d3 d5 5. Bb3 Nc6 6. c3 Nf6 7. Nf3 O-O 8. O-O
b6 9. e5 Nd7 10. d4 f6 11. Ba4 Qc7 12. exf6 Nxf6 13. Bc2 Bd6 14. Re1 Qf7 15.
Ng5 Qe7 16. Nf3 Bd7 17. Bg5 Rae8 18. Qd3 g6 19. Bh6 Rf7 20. Nbd2 Ng4 21. Bg5
Qf8 22. h3 Nf6 23. Nf1 Ne4 24. Bd2 c4 25. Qe2 Nxd2 26. N1xd2 e5 27. Ng5 Rf4 28.
Nxh7 Kxh7 29. Qh5+ Qh6 30. Bxg6+ Kg7 31. Bxe8 Bxe8 32. Qxe8 Ne7 33. Re3 e4 34.
Rf1 Nf5 35. Qd7+ Kh8 36. Qc8+ Kg7 37. Qb7+ Kh8 38. Qxd5 Rxf2 39. Qxe4 Rxf1+ 40.
Nxf1 Nxe3 41. Qxe3 Bf4 42. Qf3 Bc1 43. b3 cxb3 44. axb3 Qg6 45. Qa8+ Kh7 46.
Qxa7+ Kh6 47. Qa8 Qb1 48. Qf3 Qxb3 49. Ng3 Qe6 50. Qh5+ Kg7 51. Qg4+ 1-0

[Event "MCR senioru 2014 - nad 60 let"]
[Site "?"]
[Date "2014.08.19"]
[Round "4.24"]
[White "Brhlik, Antonin"]
[Black "Zapletal, Milan"]
[Result "0-1"]
[WhiteElo "1688"]
[BlackElo "1844"]
[Annotator "D"]
[PlyCount "74"]
[SourceDate "2014.08.18"]

1. e4 Nf6 2. e5 Nd5 3. d4 d6 4. Nf3 Bg4 5. Be2 Nc6 6. h3 Bh5 7. O-O e6 8. exd6
cxd6 9. c4 Nb6 10. b3 Be7 11. Bb2 Bf6 12. Nbd2 Bg6 13. Rc1 O-O 14. Re1 Rc8 15.
Nf1 e5 16. Bd3 Qc7 17. Ng3 Rfe8 18. Bxg6 hxg6 19. dxe5 dxe5 20. Ne4 Rcd8 21.
Qe2 Nb4 22. Rcd1 Nc6 23. Rxd8 Rxd8 24. Rd1 Nd7 25. Nc3 b6 26. Rd5 Ne7 27. Rd2
Nc6 28. Qd1 Be7 29. Rd5 f6 30. Qd2 a5 31. a4 Kf8 32. Qd3 Kf7 33. Qd1 Ke8 34.
Qd3 f5 35. Ng5 e4 36. Ne6 Qc8 37. Nxg7+ Kf7 {necitelny zapis} 0-1

[Event "MCR senioru 2014 - nad 60 let"]
[Site "?"]
[Date "2014.08.19"]
[Round "4.25"]
[White "Rehak, Jiri"]
[Black "Kalik, Josef"]
[Result "1-0"]
[WhiteElo "1841"]
[BlackElo "1557"]
[Annotator "D"]
[PlyCount "31"]
[SourceDate "2014.08.18"]

1. e4 e5 2. Bc4 Nf6 3. d4 Nxe4 4. dxe5 d6 5. Bxf7+ Kxf7 6. Qd5+ Ke8 7. Qxe4 Qe7
8. Nf3 Nc6 9. Bf4 g6 10. Nc3 Bf5 11. Qa4 Be6 12. O-O-O Qf7 13. exd6 cxd6 14.
Ng5 b5 15. Qe4 Qf5 16. Qxc6+ 1-0

[Event "MCR senioru 2014-nad 60 let"]
[Site "?"]
[Date "2014.08.19"]
[Round "4.26"]
[White "Hlousek, Milan"]
[Black "Pitterman, Jan"]
[Result "1/2-1/2"]
[WhiteElo "1659"]
[BlackElo "1838"]
[PlyCount "29"]
[EventDate "2014.??.??"]

1. e4 c5 2. Nf3 Nc6 3. d4 cxd4 4. Nxd4 e5 5. Nb3 d6 6. Nc3 Nf6 7. Be2 Be7 8.
Be3 O-O 9. O-O a6 10. f3 Ne8 11. Nd5 f5 12. c3 f4 13. Bf2 Bh4 14. Bb6 Qg5 15.
Kh1 1/2-1/2

[Event "MCR senioru 2014 - nad 60 let"]
[Site "?"]
[Date "2014.08.19"]
[Round "4.27"]
[White "Nigrin, Jiri"]
[Black "Prachar, Josef"]
[Result "1/2-1/2"]
[WhiteElo "1685"]
[BlackElo "1832"]
[Annotator "D"]
[PlyCount "35"]
[SourceDate "2014.08.18"]

1. c4 Nf6 2. Nc3 e5 3. g3 g6 4. Bg2 Bg7 5. e3 c6 6. Nge2 O-O 7. O-O d5 8. cxd5
cxd5 9. d4 e4 10. b4 Nc6 11. a3 Bf5 12. Bd2 Qd7 13. Qb3 Rfd8 14. Rac1 g5 15.
Kh1 Bh3 16. Rg1 Bxg2+ 17. Kxg2 h5 18. h3 1/2-1/2

[Event "MCR senioru 2014 - nad 60 let"]
[Site "?"]
[Date "2014.08.19"]
[Round "4.28"]
[White "Sveda, Jiri"]
[Black "Koutecky, Jiri"]
[Result "1-0"]
[WhiteElo "1927"]
[BlackElo "1728"]
[Annotator "D"]
[PlyCount "81"]
[SourceDate "2014.08.18"]

1. e4 c5 2. Nf3 Nc6 3. Bc4 g6 4. c3 Bg7 5. d3 Na5 6. Bb5 a6 7. Ba4 b5 8. Bc2 e6
9. O-O Ne7 10. Re1 O-O 11. Bf4 Nac6 12. Bd6 Qb6 13. Nbd2 Re8 14. a4 b4 15. Nc4
Qa7 16. e5 f6 17. d4 cxd4 18. cxd4 fxe5 19. Ncxe5 Nxe5 20. Nxe5 Nd5 21. Be4 a5
22. Qf3 Bxe5 23. dxe5 Bb7 24. h4 Rf8 25. Bxf8 Rxf8 26. Qg3 Nf4 27. Qe3 Qa8 28.
Bxb7 Qxb7 29. f3 Nd5 30. Qc5 Rf4 31. Re4 Rf7 32. Rc1 Kg7 33. Kh2 Qa6 34. Qb5
Qa7 35. Rc5 Qa8 36. Qxa5 Qe8 37. Rxd5 exd5 38. Qxd5 Qc8 39. Qc4 Qd8 40. Qxb4 h5
41. Qd4 {necitelny partiar} 1-0

[Event "MCR senioru 2014 - nad 60 let"]
[Site "?"]
[Date "2014.08.19"]
[Round "4.29"]
[White "Feldvabl, Vilem"]
[Black "Franc, Lubor"]
[Result "1/2-1/2"]
[WhiteElo "1712"]
[BlackElo "1905"]
[Annotator "D"]
[PlyCount "48"]
[SourceDate "2014.08.18"]

1. d4 c6 2. Nf3 d5 3. c3 g6 4. Bf4 Bg7 5. e3 Nf6 6. h3 O-O 7. Be2 Qb6 8. Qb3
Bf5 9. Nbd2 Nbd7 10. O-O h6 11. Ne5 Nxe5 12. Bxe5 Nd7 13. Bxg7 Kxg7 14. g4 Be6
15. Qxb6 axb6 16. f4 f5 17. a3 b5 18. Kg2 Nb6 19. Bd3 Nc4 20. Bxc4 dxc4 21. Kg3
Ra5 22. Rf2 Rf6 23. g5 Rf8 24. h4 h5 1/2-1/2

[Event "MCR senioru 2014 - nad 60 let"]
[Site "?"]
[Date "2014.08.19"]
[Round "4.30"]
[White "Rychtecky, Pavel"]
[Black "Tomcik, Alexandr"]
[Result "0-1"]
[WhiteElo "1661"]
[BlackElo "1862"]
[Annotator "D"]
[PlyCount "88"]
[SourceDate "2014.08.18"]

1. e4 c5 2. f4 d5 3. exd5 Qxd5 4. Nc3 Qd8 5. Nf3 Nf6 6. Bc4 e6 7. d3 a6 8. a4
Nc6 9. Bd2 Be7 10. O-O O-O 11. Kh1 Qc7 12. Ne4 b6 13. Qe2 Bb7 14. Neg5 Nd4 15.
Nxd4 cxd4 16. c3 dxc3 17. Bxc3 Nd5 18. Nxe6 Nxc3 19. Nxc7 Nxe2 20. Nxa8 Bd8 21.
Rae1 Nd4 22. Nxb6 Bxb6 23. Re7 Bc6 24. b3 Nf5 25. Re5 Nh4 26. Bd5 Bxd5 27. Rxd5
a5 28. g3 Ng6 29. f5 Ne7 30. Rd7 Bc5 31. d4 Bb4 32. d5 Nc8 33. Rd1 Nd6 34. Rd4
Nxf5 35. Rf4 Ne3 36. Rf3 Ng4 37. Rf1 f6 38. h3 Ne5 39. Rb7 Rc8 40. Rd1 Rc2 41.
Rf1 Rd2 42. Rb8+ Kf7 43. Rb7+ Kg6 44. Rb5 Rd3 0-1

[Event "MCR senioru 2014"]
[Site "Rychnov nad Kneznou"]
[Date "2014.08.19"]
[Round "3.1"]
[White "Holecek, Vladimir"]
[Black "Mesiarik, Rudolf"]
[Result "0-1"]
[WhiteElo "1969"]
[BlackElo "2136"]
[PlyCount "100"]
[EventDate "2014.??.??"]

1. e4 Nf6 2. e5 Nd5 3. d4 d6 4. c4 Nb6 5. Nf3 Bg4 6. Be2 e6 7. Be3 Be7 8. O-O
O-O 9. exd6 cxd6 10. h3 Bh5 11. b3 Nc6 12. Nc3 Rc8 13. Qd2 Bf6 14. Ne4 Be7 15.
Nc3 d5 16. c5 Nd7 17. b4 a6 18. a3 Bf6 19. g4 Bg6 20. Bd3 Bxd3 21. Qxd3 Re8 22.
g5 Be7 23. Bf4 g6 24. Rfe1 Bf8 25. Re2 Ne7 26. Ne5 Nxe5 27. Bxe5 Nf5 28. Bf6
Be7 29. Bxe7 Rxe7 30. Re5 Rd7 31. f4 h6 32. Qd2 Kg7 33. gxh6+ Nxh6 34. Qf2 Nf5
35. Rd1 Qf6 36. Rd3 Rh8 37. Ne2 Rdd8 38. Kg2 Rh4 39. Rf3 Rdh8 40. Rd3 Ne7 41.
Ree3 Nc6 42. Rg3 Kf8 43. Rg4 R4h5 44. Rdg3 Qf5 45. Rg5 Qe4+ 46. Qf3 Qc2 47. Qd3
Qb2 48. Rxh5 Rxh5 49. Kf2 Rf5 50. Rg5 Rxf4+ 0-1

[Event "MCR senioru 2014"]
[Site "Rychnov nad Kneznou"]
[Date "2014.08.19"]
[Round "3.2"]
[White "Slechta, Karel"]
[Black "Vitek, Vaclav"]
[Result "1/2-1/2"]
[WhiteElo "1874"]
[BlackElo "2049"]
[PlyCount "63"]
[EventDate "2014.??.??"]

1. e4 e5 2. Nf3 Nc6 3. Bb5 f5 4. Nc3 Nd4 5. Ba4 c6 6. d3 b5 7. Bb3 Nxb3 8. axb3
b4 9. Ne2 d6 10. exf5 Bxf5 11. Ng3 Bg6 12. O-O Be7 13. Re1 Nf6 14. Nh4 c5 15.
f4 Nd7 16. Nxg6 hxg6 17. Qg4 Kf7 18. fxe5 Nxe5 19. Qf4+ Bf6 20. Rxe5 dxe5 21.
Qc4+ Ke8 22. Be3 Be7 23. Ne4 a5 24. Qe6 Qc8 25. Qxg6+ Kd7 26. Qf5+ Kc6 27. Qg6+
Kb7 28. Qxg7 Qc7 29. Nxc5+ Bxc5 30. Qxc7+ Kxc7 31. Bxc5 Kc6 32. Bf2 1/2-1/2

[Event "MCR senioru 2014"]
[Site "Rychnov nad Kneznou"]
[Date "2014.08.19"]
[Round "3.3"]
[White "Havrlik, Pavel"]
[Black "Mutina, Antonin"]
[Result "1-0"]
[WhiteElo "1879"]
[BlackElo "1970"]
[PlyCount "129"]
[EventDate "2014.??.??"]

1. c4 e5 2. Nf3 Nc6 3. d4 exd4 4. Nxd4 Bb4+ 5. Bd2 Bxd2+ 6. Qxd2 Qf6 7. Nb5 Qd8
8. N1c3 a6 9. Na3 Nf6 10. g3 d6 11. Bg2 Bd7 12. O-O O-O 13. h3 Rb8 14. b3 Ne7
15. e4 Bc6 16. Nd5 Ng6 17. Rfe1 Re8 18. Nc2 Bd7 19. Nd4 Nf8 20. Qg5 Nxd5 21.
Qxd8 Rbxd8 22. cxd5 Re7 23. Rac1 Rc8 24. Re3 c5 25. dxc6 bxc6 26. Rec3 c5 27.
Nf5 Bxf5 28. exf5 Rce8 29. Bf1 g6 30. Rd3 Re5 31. fxg6 hxg6 32. Rxd6 a5 33. Ra6
Rd8 34. Rxa5 Ne6 35. b4 Rc8 36. bxc5 Rexc5 37. Raxc5 Nxc5 38. a4 Kf8 39. a5 Rc7
40. Rb1 Ke7 41. Rb6 Nd7 42. Rb1 Ra7 43. a6 Nc5 44. Rb6 Nd7 45. Rb7 Rxb7 46.
axb7 Nb8 47. f4 f6 48. Bg2 f5 49. Kf2 Kd6 50. g4 fxg4 51. hxg4 Nd7 52. Kg3 Ke6
53. Kh4 Kf6 54. g5+ Kg7 55. Bc6 Nb8 56. Bb5 Kf7 57. Kg4 Ke6 58. Be8 Kd6 59.
Bxg6 Kc7 60. Be4 Nd7 61. Bf3 Kd6 62. Kh5 Ke7 63. Bg4 Nb8 64. Kh6 Nc6 65. g6 1-0

[Event "MCR senioru 2014"]
[Site "Rychnov nad Kneznou"]
[Date "2014.08.19"]
[Round "3.4"]
[White "Jacek, Miloslav"]
[Black "Zeman, Ladislav"]
[Result "0-1"]
[WhiteElo "2030"]
[BlackElo "1870"]
[PlyCount "70"]
[EventDate "2014.??.??"]

1. e4 e5 2. Nf3 Nc6 3. d4 exd4 4. Nxd4 d6 5. Nxc6 bxc6 6. Nc3 Be7 7. Bc4 Nf6 8.
O-O O-O 9. Bb3 Bb7 10. Re1 Nd7 11. Be3 Bf6 12. Qe2 a5 13. a4 Qe7 14. f3 Be5 15.
Rad1 Qh4 16. g3 Qe7 17. Qd2 Kh8 18. Bd4 Bxd4+ 19. Qxd4 Ne5 20. Qe3 Rae8 21. h3
Ng6 22. Qf2 Bc8 23. Qg2 Qd7 24. h4 f6 25. Ne2 c5 26. c3 Ne5 27. h5 c4 28. Bc2
Bb7 29. Nf4 Bc6 30. Nd5 Nf7 31. Qf1 Bxa4 32. Bxa4 Qxa4 33. Nxc7 Re5 34. g4 Qb3
35. Rd2 Qb6+ 0-1

[Event "MCR senioru 2014"]
[Site "Rychnov nad Kneznou"]
[Date "2014.08.19"]
[Round "3.5"]
[White "Tobiska, Jaroslav"]
[Black "Blaha, Bohuslav"]
[Result "1/2-1/2"]
[WhiteElo "1704"]
[BlackElo "1903"]
[PlyCount "35"]
[EventDate "2014.??.??"]

1. e4 c5 2. Nf3 e6 3. d4 cxd4 4. Nxd4 a6 5. Bd3 Nc6 6. Nxc6 dxc6 7. O-O e5 8.
b3 Nf6 9. Bb2 Qc7 10. Nd2 b5 11. c4 Bd6 12. Qc2 Qe7 13. Rae1 O-O 14. Kh1 Nd7
15. f4 exf4 16. e5 Nxe5 17. Bxh7+ Kh8 18. Be4 1/2-1/2

[Event "MCR senioru 2014"]
[Site "Rychnov nad Kneznou"]
[Date "2014.08.19"]
[Round "3.6"]
[White "Pavlu, Jiri"]
[Black "Zamecnik, Bohumir"]
[Result "0-1"]
[WhiteElo "1870"]
[BlackElo "1852"]
[PlyCount "56"]
[EventDate "2014.??.??"]

1. d4 Nf6 2. c4 c5 3. d5 e5 4. Nc3 d6 5. e4 Be7 6. Be2 O-O 7. g4 Ne8 8. Qd3 a6
9. Bd2 Bg5 10. Bxg5 Qxg5 11. h4 Qe7 12. Qg3 Nc7 13. a4 Nd7 14. Nf3 Nf6 15. Nd2
Rb8 16. h5 Bd7 17. g5 Nfe8 18. Nf3 b5 19. axb5 axb5 20. cxb5 Nxb5 21. O-O Nd4
22. Ra2 Nxe2+ 23. Nxe2 f5 24. Nc3 fxe4 25. Nxe4 Qf7 26. Kg2 Qxd5 27. Ra7 Qxe4
28. Rxd7 Rb3 0-1

[Event "MCR senioru 2014-nad 70 let"]
[Site "?"]
[Date "2014.08.19"]
[Round "3.7"]
[White "Reichmann, Pavel"]
[Black "Molendzki, Tomasz"]
[Result "1/2-1/2"]
[WhiteElo "1820"]
[BlackElo "1823"]
[PlyCount "63"]
[EventDate "2014.??.??"]

1. e4 e5 2. Nf3 Nc6 3. Bb5 a6 4. Ba4 Nf6 5. O-O d6 6. Re1 b5 7. Bb3 Bg4 8. c3
Na5 9. Bc2 c5 10. d3 Nc6 11. Nbd2 g6 12. Nf1 Bg7 13. h3 Bd7 14. Bg5 Rc8 15. Ne3
h6 16. Bh4 g5 17. Bg3 Qc7 18. Nf5 Bxf5 19. exf5 O-O 20. Rc1 Qb6 21. Bh2 Rfe8
22. Nd2 Re7 23. Ne4 Nxe4 24. dxe4 Rd7 25. Qf3 Qd8 26. Rcd1 Qf6 27. Rd2 Bf8 28.
Red1 Kg7 29. Qg4 Be7 30. Rd5 Rcd8 31. h4 Kh7 32. h5 1/2-1/2

[Event "MCR senioru 2014 - nad 70 let"]
[Site "?"]
[Date "2014.08.19"]
[Round "3.8"]
[White "Volf, Jaroslav"]
[Black "Abraham, Karel"]
[Result "1-0"]
[WhiteElo "2074"]
[BlackElo "1804"]
[PlyCount "65"]
[EventDate "2014.??.??"]

1. g3 Nf6 2. Bg2 g6 3. e4 d6 4. d4 Bg7 5. Ne2 O-O 6. O-O c5 7. c3 Nc6 8. d5 Ne5
9. f4 Ned7 10. Kh1 Nb6 11. Qc2 Bg4 12. h3 Bxe2 13. Qxe2 Nfd7 14. Be3 Rc8 15.
Nd2 a6 16. Rac1 Na4 17. Nf3 b5 18. Qd2 Nab6 19. b3 Nf6 20. Ng1 c4 21. Ne2 Nfd7
22. Bd4 Bxd4 23. Nxd4 Nb8 24. h4 cxb3 25. axb3 N6d7 26. h5 Nf6 27. hxg6 hxg6
28. Bf3 Kg7 29. Kg2 Rh8 30. Rh1 Qd7 31. f5 Rxh1 32. Rxh1 Qc7 33. Qh6+ 1-0

[Event "MCR senioru 2014 - nad 70 let"]
[Site "?"]
[Date "2014.08.19"]
[Round "3.9"]
[White "Most, Zdenek"]
[Black "Strakos, Tomas"]
[Result "1-0"]
[WhiteElo "2037"]
[BlackElo "1780"]
[Annotator "D"]
[PlyCount "47"]
[SourceDate "2014.08.18"]

1. d4 Nf6 2. Nf3 g6 3. c4 Bg7 4. Nc3 O-O 5. g3 d5 6. Bg2 c6 7. cxd5 cxd5 8. O-O
e6 9. Bf4 a6 10. Rb1 Nc6 11. b4 Nh5 12. Bg5 Bf6 13. Bxf6 Qxf6 14. a4 Qe7 15.
Qb3 f5 16. e3 Nf6 17. b5 Na5 18. Qb4 Qxb4 19. Rxb4 Nc4 20. Rd1 a5 21. Rb3 Nd7
22. Nd2 Ndb6 23. Nxc4 Nxc4 24. Nxd5 1-0

[Event "MCR senioru 2014-nad 70 let"]
[Site "?"]
[Date "2014.08.19"]
[Round "3.10"]
[White "Bielavsky, Jiri"]
[Black "Glembek, Bohumir"]
[Result "1-0"]
[WhiteElo "2031"]
[BlackElo "1779"]
[PlyCount "77"]

1. e4 Nf6 2. e5 Nd5 3. d4 d6 4. Nf3 Bg4 5. h3 Bh5 6. Be2 Nc6 7. c4 Nb6 8. exd6
exd6 9. O-O Be7 10. Be3 O-O 11. b3 Re8 12. Nc3 Bg6 13. Qd2 Bf6 14. Rad1 d5 15.
c5 Nc8 16. Rfe1 N8e7 17. g4 h6 18. Bd3 Bxd3 19. Qxd3 Ng6 20. Kg2 Nb4 21. Qd2 c6
22. Ne2 Na6 23. Ng3 Nh4+ 24. Nxh4 Bxh4 25. Nf5 Qf6 26. Bf4 Kh7 27. Be5 Qg5 28.
f4 Qg6 29. Nxg7 Rxe5 30. Rxe5 Qxg7 31. Re7 b6 32. Qd3+ Kg8 33. Qxa6 bxc5 34.
dxc5 Qb2+ 35. Re2 Qd4 36. Qxc6 Rf8 37. Qxh6 Qxc5 38. Re5 Qc2+ 39. Kf1 1-0